000 00510nam a2200181Ia 4500
008 100917s9999 xx 000 0 und d
082 _b5145
100 _aनिरंतर गं. भा.
245 _aअंधारातील दिवे
260 _b---
300 _a138
365 _b2.5
520 _aकादंबरी
630 _aअंधारातील दिवे
650 _aकादंबरी
730 _aअंधारातील दिवे
942 _cBOOK
999 _c610539
_d610536